000
00234 a2200097 4500
001
43633
100
_a
Hornby
245
_a
Oxford progressive English for adult learn
260
_a
London
_b
Oxford Univ press
_c
090
_c
27446
_d
27446
942
_a
NUST-CAE
_c
M
_c
19387
999
_c
278706
_d
278706